[Event "Novokuznetsk-ch"]
[Site "Novokuznetsk"]
[Date "2016.05.05"]
[Round "5"]
[White "Sitnikov, Dmitrij"]
[Black "Buts, Nikita"]
[Result "1-0"]
[WhiteElo "2409"]
[BlackElo "2064"]
[PlyCount "135"]
[EventDate "2016.05.01"]
[EventType "swiss"]
[EventRounds "9"]
[EventCountry "RUS"]
[SourceTitle "CBM 172 Extra"]
[Source "ChessBase"]
[SourceDate "2016.06.21"]
[SourceVersion "1"]
[SourceVersionDate "2016.06.21"]
[SourceQuality "1"]

1. d4 Nf6 2. Nf3 e6 3. Bf4 c5 4. e3 b6 5. c3 Bb7 6. Nbd2 Be7 7. h3 0-0 8. Bd3 d6 9. 0-0 Nbd7 10. Qe2 Qc7 11. e4 e5 12. dxe5 dxe5 13. Bh2 Rfe8 14. Ba6 Bc6 15. a4 g6 16. Rfe1 Bf8 17. Qc4 Bh6 18. b4 Rad8 19. Nb3 Qd6 20. bxc5 Nxc5 21. Nxc5 bxc5 22. Bb5 Nd7 23. Red1 Qc7 24. Bg3 Bf8 25. Bxc6 Qxc6 26. Qb5 Qc7 27. Rd5 f6 28. a5 Re6 29. Rad1 Rd6 30. Rxd6 Bxd6 31. Nd2 Kg7 32. Nc4 Nf8 33. a6 Ne6 34. f3 Be7 35. Rd5 Kf7 36. Bf2 Nf4 37. Rxd8 Qxd8 38. Qb3 Kg7 39. Be3 Ne6 40. Qb7 Qc7 41. Qd5 Qc8 42. Qb7 Qc7 43. g3 g5 44. Kf2 Kf7 45. Ke2 Ke8 46. Qa8+ Bd8 47. Qd5 Ke7 48. h4 gxh4 49. gxh4 Qc8 50. Qb7+ Qd7 51. h5 Bc7 52. h6 Kf7 53. Nd2 Kg6 54. Qxa7 c4 55. Qa8 Qd3+ 56. Kf2 Ng5 57. Qg8+ Kh5 58. Nxc4 Qc2+ 59. Kg3 Qxc3 60. Qe8+ Kxh6 61. Bxg5+ Kxg5 62. Qg8+ Kh6 63. Kg4 f5+ 64. exf5 Qd4+ 65. Kh3 Qa1 66. Qf8+ Kh5 67. Qf7+ Kh6 68. Qf6+ 1-0

[Event "Novokuznetsk-ch"]
[Site "Novokuznetsk"]
[Date "2016.05.04"]
[Round "4"]
[White "Chernov, Mikhail"]
[Black "Sitnikov, Dmitrij"]
[Result "1-0"]
[WhiteElo "2315"]
[BlackElo "2409"]
[PlyCount "107"]
[EventDate "2016.05.01"]
[EventType "swiss"]
[EventRounds "9"]
[EventCountry "RUS"]
[SourceTitle "CBM 172 Extra"]
[Source "ChessBase"]
[SourceDate "2016.06.21"]
[SourceVersion "1"]
[SourceVersionDate "2016.06.21"]
[SourceQuality "1"]

1. e4 e6 2. d4 d5 3. Nc3 Bb4 4. e5 b6 5. Qg4 Bf8 6. Nf3 Ne7 7. h4 Qd7 8. h5 h6 9. Be3 Ba6 10. Nh4 Bxf1 11. Rxf1 Nbc6 12. 0-0-0 Rg8 13. f4 Nf5 14. Qh3 Nxe3 15. Qxe3 Be7 16. Qh3 0-0-0 17. g4 Na5 18. Ng2 c5 19. Qd3 Kb7 20. Ne2 Rc8 21. Kb1 Rc7 22. c3 Rgc8 23. Ne3 cxd4 24. Nxd4 Nc4 25. Nxc4 Rxc4 26. f5 Bc5 27. fxe6 fxe6 28. b3 Rxd4 29. cxd4 Ba3 30. Rd2 Qe7 31. Rc2 Rf8 32. Rcf2 Rxf2 33. Rxf2 Qh4 34. Qf3 Qg5 35. Qf4 Qh4 36. Qf7+ Ka6 37. Qf3 Kb7 38. Kc2 Qg5 39. Qf4 Qh4 40. Qf7+ Ka6 41. Qf3 Kb7 42. Kd1 Qg5 43. Qf4 Qh4 44. Qf7+ Ka6 45. Qf3 Kb7 46. Ke2 Ka6 47. Kf1 Bb4 48. Kg2 Be7 49. Qe2+ Ka5 50. a4 a6 51. Rf1 Qg5 52. Rf7 Bb4 53. Ra7 Bc3 54. Qb5# 1-0

[Event "Kemerovo Region Cup"]
[Site "Kemerovo"]
[Date "2014.08.27"]
[Round "7"]
[White "Vlassov, Nikolai"]
[Black "Sitnikov, Dmitrij"]
[Result "1-0"]
[WhiteElo "2453"]
[BlackElo "2468"]
[PlyCount "83"]
[EventDate "2014.08.21"]
[EventType "swiss"]
[EventRounds "7"]
[EventCountry "RUS"]
[SourceTitle "CBM 162 Extra"]
[Source "ChessBase"]
[SourceDate "2014.10.17"]
[SourceVersion "1"]
[SourceVersionDate "2014.10.17"]
[SourceQuality "1"]

1. e4 c5 2. c3 d5 3. exd5 Qxd5 4. d4 Nf6 5. Nf3 Bg4 6. dxc5 Qxc5 7. h3 Bd7 8. Be3 Qc8 9. Ne5 e6 10. Be2 Bc5 11. Bf4 0-0 12. 0-0 Rd8 13. Qb3 Be8 14. Bg5 Nc6 15. Ng4 Nxg4 16. Bxd8 Nxf2 17. Bh4 Nxh3+ 18. Kh1 g5 19. gxh3 gxh4 20. Bf3 Ne5 21. Be4 Bc6 22. Qc2 f5 23. Qg2+ Kh8 24. Bxc6 Qxc6 25. Qxc6 bxc6 26. Nd2 Be3 27. Rfe1 Bf4 28. Nb3 Rg8 29. Rg1 Bg3 30. Nd4 Rg6 31. b4 f4 32. Rad1 Rf6 33. a4 f3 34. Rgf1 f2 35. Rd2 Nc4 36. Re2 e5 37. Nb3 Kg7 38. Nd2 Nxd2 39. Rxd2 e4 40. Re2 Rf4 41. Kg2 Kf6 42. Rd1 1-0

[Event "Novokuznetsk Kuzbass op"]
[Site "Novokuznetsk"]
[Date "2014.??.??"]
[Round "5"]
[White "Sitnikov, Dmitrij"]
[Black "Khegay, Dmitriy"]
[Result "1/2-1/2"]
[WhiteElo "2468"]
[BlackElo "2381"]
[PlyCount "142"]
[EventDate "2014.08.11"]
[EventType "swiss"]
[EventRounds "9"]
[EventCountry "RUS"]
[SourceTitle "CBM 162 Extra"]
[Source "ChessBase"]
[SourceDate "2014.10.17"]
[SourceVersion "1"]
[SourceVersionDate "2014.10.17"]
[SourceQuality "1"]

1. c4 Nf6 2. Nf3 c6 3. b3 d5 4. Bb2 e6 5. e3 Nbd7 6. d4 Bd6 7. Bd3 0-0 8. 0-0 b6 9. Nc3 Bb7 10. Qe2 Re8 11. Rad1 c5 12. cxd5 exd5 13. Ba6 Bc6 14. Qc2 Bf8 15. Bb5 Bb7 16. dxc5 bxc5 17. Qf5 Re6 18. Ne2 Rb6 19. Ba4 g6 20. Qh3 Bc8 21. Bxd7 Bxd7 22. Qh4 Be7 23. Ng5 Nh5 24. Rxd5 h6 25. Qe4 hxg5 26. Rxd7 Qxd7 27. Qxa8+ Bf8 28. Nc3 Rd6 29. Bc1 Rd3 30. Na4 Rd1 31. Qf3 Rxf1+ 32. Kxf1 c4 33. Qe2 cxb3 34. axb3 Qc7 35. Bb2 Qxh2 36. Qg4 Qb8 37. Qc4 g4 38. Nc5 Qh2 39. Qd5 g3 40. Ne4 Qh1+ 41. Ke2 gxf2 42. Kxf2 Qh4+ 43. Ke2 Qg4+ 44. Kd3 Qh4 45. Nd2 Qh1 46. Qe5 Ng7 47. g4 Ne6 48. Kc2 Qc6+ 49. Kb1 Qh1+ 50. Ka2 Bg7 51. Qb8+ Kh7 52. Bxg7 Nxg7 53. Qxa7 Qd5 54. Nc4 Qg2+ 55. Ka3 Qf1 56. Qe7 Ne6 57. Kb4 Kg7 58. Qd6 Qf3 59. Qe5+ Kg8 60. g5 Qg2 61. Kb5 Qb7+ 62. Ka4 Qc6+ 63. Kb4 Qg2 64. Ka4 Qc6+ 65. Ka3 Qa6+ 66. Kb2 Qb7 67. Kc3 Qh1 68. b4 Qe1+ 69. Kb3 Qd1+ 70. Kb2 Qe2+ 71. Kb3 Qd1+ 1/2-1/2

[Event "Novokuznetsk Kuzbass op"]
[Site "Novokuznetsk"]
[Date "2014.??.??"]
[Round "9"]
[White "Sitnikov, Dmitrij"]
[Black "Kuznetsov, Evgeny"]
[Result "0-1"]
[WhiteElo "2468"]
[BlackElo "2193"]
[PlyCount "78"]
[EventDate "2014.08.11"]
[EventType "swiss"]
[EventRounds "9"]
[EventCountry "RUS"]
[SourceTitle "CBM 162 Extra"]
[Source "ChessBase"]
[SourceDate "2014.10.17"]
[SourceVersion "1"]
[SourceVersionDate "2014.10.17"]
[SourceQuality "1"]

1. e4 c5 2. Nf3 Nc6 3. d4 cxd4 4. Nxd4 Nf6 5. Nc3 e5 6. Ndb5 Bb4 7. a3 Bxc3+ 8. Nxc3 d6 9. Bd3 0-0 10. 0-0 Be6 11. f4 exf4 12. Bxf4 Ne5 13. Kh1 h6 14. Qd2 Qe7 15. Rae1 a6 16. h3 Rac8 17. Qf2 Rc5 18. Be3 Rcc8 19. Bd4 Rfe8 20. Re3 b5 21. Ne2 Nh5 22. g4 Nf6 23. Rg1 Nh7 24. Nf4 Nf8 25. Reg3 f6 26. h4 Nfg6 27. Bxe5 Nxe5 28. g5 fxg5 29. hxg5 Rf8 30. Qd2 Qf7 31. Nxe6 Qxe6 32. gxh6 g6 33. Qh2 Kh7 34. Rxg6 Nxg6 35. e5 Qd5+ 36. Rg2 Rg8 37. Qh5 Kh8 38. Bxg6 Rxc2 39. Be4 Qxe4 0-1

[Event "Novokuznetsk op"]
[Site "Novokuznetsk"]
[Date "2013.08.18"]
[Round "8"]
[White "Sitnikov, Dmitrij"]
[Black "Zaitsev, Vadim"]
[Result "0-1"]
[WhiteElo "2474"]
[BlackElo "2320"]
[PlyCount "85"]
[EventDate "2013.08.11"]
[EventType "swiss"]
[EventRounds "9"]
[EventCountry "RUS"]
[SourceTitle "CBM 156 Extra"]
[Source "ChessBase"]
[SourceDate "2013.10.22"]
[SourceVersion "1"]
[SourceVersionDate "2013.10.22"]
[SourceQuality "1"]

1. d4 Nf6 2. Bg5 Ne4 3. Bf4 d5 4. Nf3 e6 5. e3 c5 6. c3 Nc6 7. Nbd2 Nxd2 8. Qxd2 Be7 9. Bd3 0-0 10. 0-0 b6 11. Ne5 Bb7 12. Qc2 h6 13. Qe2 Nxe5 14. Bxe5 Bd6 15. f4 f6 16. Qg4 Qe7 17. Qg6 f5 18. g4 Bxe5 19. fxe5 Bc8 20. Rf2 Qg5 21. Qxg5 hxg5 22. Raf1 g6 23. Rg2 Bd7 24. gxf5 gxf5 25. Rxg5+ Kf7 26. Kf2 Rg8 27. Rfg1 Rxg5 28. Rxg5 c4 29. Be2 b5 30. Bh5+ Kf8 31. h4 b4 32. cxb4 Rb8 33. a3 a5 34. Rg2 axb4 35. axb4 Rxb4 36. Kf3 Ra4 37. Kf4 Ra1 38. Bf3 Rf1 39. h5 Bb5 40. Kg3 Kg7 41. Rh2 Kh6 42. Rd2 Be8 43. Rd1 0-1

[Event "Novokuznetsk op"]
[Site "Novokuznetsk"]
[Date "2013.08.16"]
[Round "6"]
[White "Sitnikov, Dmitrij"]
[Black "Chernov, Mikhail"]
[Result "1/2-1/2"]
[WhiteElo "2474"]
[BlackElo "2229"]
[PlyCount "124"]
[EventDate "2013.08.11"]
[EventType "swiss"]
[EventRounds "9"]
[EventCountry "RUS"]
[SourceTitle "CBM 156 Extra"]
[Source "ChessBase"]
[SourceDate "2013.10.22"]
[SourceVersion "1"]
[SourceVersionDate "2013.10.22"]
[SourceQuality "1"]

1. e4 c5 2. b3 Nc6 3. Bb2 d6 4. Bb5 Bd7 5. f4 Nf6 6. d3 Qa5+ 7. Nc3 Nd4 8. Bxd7+ Nxd7 9. Qd2 e6 10. Nf3 Nxf3+ 11. gxf3 Be7 12. 0-0-0 Bf6 13. Kb1 0-0-0 14. h4 Nb8 15. h5 Nc6 16. h6 g6 17. e5 dxe5 18. Ne4 Qxd2 19. Rxd2 Be7 20. fxe5 Nd4 21. Rh3 b6 22. Rf2 Rhf8 23. Bc1 Rd5 24. Bg5 Bxg5 25. Nxg5 Rxe5 26. f4 Rd5 27. Nxh7 Rh8 28. Ng5 f6 29. c4 Rd7 30. Ne4 Rdh7 31. Rfh2 Nf5 32. Nxf6 Rxh6 33. Rxh6 Rxh6 34. Rxh6 Nxh6 35. Nh7 Nf5 36. Nf8 Nh4 37. Kc2 Kd8 38. Nxe6+ Kd7 39. Ng5 Ng2 40. Nh3 Ke6 41. d4 cxd4 42. Kd3 Kf5 43. Kxd4 Nxf4 44. Nf2 Ne2+ 45. Ke3 Nc1 46. Ne4 Nxa2 47. Nd6+ Ke5 48. Nc8 Nc1 49. b4 a5 50. c5 bxc5 51. bxa5 Na2 52. a6 Nb4 53. a7 Nd5+ 54. Kd3 Nc7 55. Kc4 g5 56. Kxc5 g4 57. Ne7 Ke6 58. Kc6 Na8 59. Nd5 g3 60. Nf4+ Ke7 61. Kb7 Kd7 62. Kxa8 Kc7 1/2-1/2

[Event "Novokuznetsk op"]
[Site "Novokuznetsk"]
[Date "2013.08.13"]
[Round "3"]
[White "Piskunov, Alexandr"]
[Black "Sitnikov, Dmitrij"]
[Result "0-1"]
[WhiteElo "2308"]
[BlackElo "2474"]
[PlyCount "106"]
[EventDate "2013.08.11"]
[EventType "swiss"]
[EventRounds "9"]
[EventCountry "RUS"]
[SourceTitle "CBM 156 Extra"]
[Source "ChessBase"]
[SourceDate "2013.10.22"]
[SourceVersion "1"]
[SourceVersionDate "2013.10.22"]
[SourceQuality "1"]

1. e4 c5 2. Nf3 Nc6 3. d4 cxd4 4. Nxd4 Nf6 5. Nc3 e5 6. Ndb5 d6 7. Bg5 a6 8. Na3 b5 9. Nd5 Be7 10. Bxf6 Bxf6 11. c3 0-0 12. Nc2 Rb8 13. a3 Bg5 14. Bd3 Be6 15. Nce3 Ne7 16. Bc2 Bxe3 17. Nxe3 Qb6 18. 0-0 Rfd8 19. Bb3 Bxb3 20. Qxb3 Qb7 21. Nd5 Nxd5 22. Qxd5 Qxd5 23. exd5 Rdc8 24. f3 a5 25. Kf2 f5 26. Rfd1 Kf7 27. Ke2 Kf6 28. Kd3 a4 29. Rab1 Rc5 30. Kc2 Rbc8 31. Rd3 Rc4 32. b3 axb3+ 33. Kxb3 R8c5 34. Kc2 Rh4 35. h3 Ra4 36. Kb2 h5 37. g3 Rac4 38. Rf1 Kg6 39. Re1 Kf6 40. h4 f4 41. gxf4 Rxf4 42. Rg1 Rxh4 43. Rd2 Rh3 44. Rdg2 Rxd5 45. Rxg7 Rxf3 46. R1g6+ Kf5 47. Rg5+ Ke4 48. Rxh5 Rc5 49. Rh6 Rd3 50. Rd7 Rcxc3 51. Rh4+ Kd5 52. Rb4 Kc6 53. Ra7 Rc4 0-1

[Event "Novokuznetsk op"]
[Site "Novokuznetsk"]
[Date "2012.10.08"]
[Round "9"]
[White "Nigametzianov, Mikhail"]
[Black "Sitnikov, Dmitrij"]
[Result "1/2-1/2"]
[WhiteElo "2416"]
[BlackElo "2500"]
[PlyCount "68"]
[EventDate "2012.08.02"]
[EventType "swiss"]
[EventRounds "9"]
[EventCountry "RUS"]
[SourceTitle "EXT 2013"]
[Source "ChessBase"]
[SourceDate "2012.11.22"]
[SourceVersion "1"]
[SourceVersionDate "2012.11.22"]
[SourceQuality "1"]

1. d4 d5 2. c4 c6 3. Nc3 Nf6 4. cxd5 cxd5 5. Nf3 Nc6 6. Bf4 e6 7. e3 Nh5 8. Bg5 Qb6 9. Qc2 h6 10. Bh4 g5 11. Bg3 Nxg3 12. hxg3 Bg7 13. Be2 Bd7 14. Nd2 Rc8 15. Nb3 Qb4 16. a3 Qe7 17. Qd2 0-0 18. 0-0 Rfd8 19. Rfd1 Be8 20. Qe1 Nb8 21. Rac1 Nd7 22. Nb5 Nb6 23. Nd2 a6 24. Nc3 Na4 25. Nxa4 Bxa4 26. Rxc8 Rxc8 27. Rc1 Rb8 28. Nf3 Qd8 29. Qb4 Be8 30. Qc3 Bf8 31. Ne5 Bd6 32. Bd3 Kg7 33. g4 f6 34. Nf3 h5 1/2-1/2

[Event "Kemerovo Kuzbass Cup"]
[Site "Kemerovo"]
[Date "2012.09.04"]
[Round "7"]
[White "Sitnikov, Dmitrij"]
[Black "Ponomarev, Dmitry"]
[Result "1/2-1/2"]
[WhiteElo "2500"]
[BlackElo "2391"]
[PlyCount "158"]
[EventDate "2012.08.29"]
[EventType "swiss"]
[EventRounds "7"]
[EventCountry "RUS"]
[SourceTitle "CBM 150 Extra"]
[Source "ChessBase"]
[SourceDate "2012.10.19"]
[SourceVersion "1"]
[SourceVersionDate "2012.10.19"]
[SourceQuality "1"]

1. Nf3 d5 2. g3 Nf6 3. Bg2 c6 4. 0-0 Bg4 5. c4 e6 6. d4 Nbd7 7. b3 Bd6 8. Bb2 Qe7 9. Ne5 Bf5 10. Nd2 0-0 11. Re1 Ba3 12. Bxa3 Qxa3 13. Nxd7 Nxd7 14. e4 dxe4 15. Bxe4 Bxe4 16. Nxe4 Rfd8 17. Qc2 Qe7 18. Rad1 Nf6 19. Ng5 Qb4 20. Re3 h6 21. Nf3 a5 22. Qc1 c5 23. Red3 cxd4 24. Nxd4 Qe7 25. Qe3 a4 26. Nf5 Qc7 27. Nd6 axb3 28. axb3 Nd5 29. cxd5 Rxd6 30. dxe6 Rxe6 31. Qf3 Rf6 32. Qe4 Qb6 33. R1d2 Re6 34. Qf3 Rf6 35. Qe4 Re6 36. Qc4 Rc6 37. Qd5 Rc1+ 38. Kg2 Qc6 39. Rf3 Qxd5 40. Rxd5 Rc7 41. Rb5 Ra2 42. h4 Rac2 43. Rb4 R2c5 44. Rd3 h5 45. Rd8+ Kh7 46. Rb8 Rc3 47. R4xb7 Rxb7 48. Rxb7 f6 49. Kf1 Rc2 50. Re7 Rb2 51. Re3 g5 52. Ke1 Kg6 53. Rf3 g4 54. Rc3 Kf5 55. Rc5+ Kg6 56. Rb5 Kh6 57. Rb8 Kg6 58. b4 Kf5 59. b5 Ke4 60. Rb6 f5 61. Re6+ Kd3 62. Kf1 Rxb5 63. Kg2 Kd4 64. Rg6 f4 65. gxf4 Ke4 66. Rg5 Rf5 67. Kg3 Rxf4 68. Rxh5 Rf3+ 69. Kxg4 Rxf2 70. Ra5 Rg2+ 71. Kh5 Rg8 72. Rg5 Ra8 73. Kg6 Kf4 74. Rb5 Ra6+ 75. Kh5 Ra8 76. Rb6 Rh8+ 77. Rh6 Rxh6+ 78. Kxh6 Kf5 79. h5 Kf6 1/2-1/2

[Event "Kemerovo Kuzbass Cup"]
[Site "Kemerovo"]
[Date "2012.09.03"]
[Round "6"]
[White "Iskusnyh, Sergei"]
[Black "Sitnikov, Dmitrij"]
[Result "1-0"]
[WhiteElo "2480"]
[BlackElo "2500"]
[PlyCount "53"]
[EventDate "2012.08.29"]
[EventType "swiss"]
[EventRounds "7"]
[EventCountry "RUS"]
[SourceTitle "CBM 150 Extra"]
[Source "ChessBase"]
[SourceDate "2012.10.19"]
[SourceVersion "1"]
[SourceVersionDate "2012.10.19"]
[SourceQuality "1"]

1. d4 d5 2. c4 c6 3. Nf3 Nf6 4. e3 g6 5. Nc3 Bg7 6. Be2 0-0 7. 0-0 b6 8. b4 Bb7 9. Qb3 a5 10. bxa5 Rxa5 11. cxd5 Nxd5 12. Nxd5 Rxd5 13. Bc4 Rh5 14. Ne5 Bxe5 15. dxe5 b5 16. Bb2 Rh4 17. f4 Qd2 18. Bc1 bxc4 19. Qxb7 Qe2 20. Qxe7 Rg4 21. g3 h5 22. e6 h4 23. exf7+ Rxf7 24. Qe8+ Rf8 25. Qe6+ Rf7 26. Rb1 Nd7 27. Rb2 1-0

[Event "Novokuznetsk op"]
[Site "Novokuznetsk"]
[Date "2012.08.06"]
[Round "5"]
[White "Chernov, Mikhail"]
[Black "Sitnikov, Dmitrij"]
[Result "1/2-1/2"]
[WhiteElo "2220"]
[BlackElo "2500"]
[PlyCount "28"]
[EventDate "2012.08.02"]
[EventType "swiss"]
[EventRounds "9"]
[EventCountry "RUS"]
[SourceTitle "EXT 2013"]
[Source "ChessBase"]
[SourceDate "2012.11.22"]
[SourceVersion "1"]
[SourceVersionDate "2012.11.22"]
[SourceQuality "1"]

1. e4 c5 2. Nf3 Nc6 3. d4 cxd4 4. Nxd4 Nf6 5. Nc3 e5 6. Ndb5 d6 7. Bg5 a6 8. Na3 Be6 9. Nc4 Rc8 10. Bxf6 gxf6 11. Ne3 Bh6 12. Ned5 Nd4 13. Bd3 Rg8 14. Ne3 Bxe3 1/2-1/2

[Event "Novokuznetsk op"]
[Site "Novokuznetsk"]
[Date "2012.08.05"]
[Round "4"]
[White "Sitnikov, Dmitrij"]
[Black "Kuznesov, Andrei"]
[Result "1-0"]
[WhiteElo "2500"]
[BlackElo "2279"]
[PlyCount "35"]
[EventDate "2012.08.02"]
[EventType "swiss"]
[EventRounds "9"]
[EventCountry "RUS"]
[SourceTitle "EXT 2013"]
[Source "ChessBase"]
[SourceDate "2012.11.22"]
[SourceVersion "1"]
[SourceVersionDate "2012.11.22"]
[SourceQuality "1"]

1. d4 Nf6 2. c4 g6 3. Nc3 d5 4. Nf3 Bg7 5. Bf4 0-0 6. Rc1 c5 7. dxc5 Qa5 8. cxd5 Qxc5 9. e4 Ng4 10. Qd2 Na6 11. h3 Nf6 12. e5 Ne8 13. Nb5 Qb4 14. a3 Qa4 15. Nfd4 b6 16. b3 Qa5 17. b4 Qa4 18. Be2 1-0

[Event "Novokuznetsk op"]
[Site "Novokuznetsk"]
[Date "2012.08.03"]
[Round "2"]
[White "Sitnikov, Dmitrij"]
[Black "Shukan, Alexander"]
[Result "1-0"]
[WhiteElo "2500"]
[BlackElo "2159"]
[PlyCount "85"]
[EventDate "2012.08.02"]
[EventType "swiss"]
[EventRounds "9"]
[EventCountry "RUS"]
[SourceTitle "EXT 2013"]
[Source "ChessBase"]
[SourceDate "2012.11.22"]
[SourceVersion "1"]
[SourceVersionDate "2012.11.22"]
[SourceQuality "1"]

1. e4 e6 2. d4 d5 3. Nc3 dxe4 4. Nxe4 Bd7 5. Nf3 Bc6 6. Bd3 Nd7 7. 0-0 Ngf6 8. Ng3 Be7 9. Re1 Bxf3 10. Qxf3 c6 11. Be3 Nd5 12. Bd2 N7f6 13. a3 Nb6 14. c3 Qd5 15. Qe2 0-0-0 16. a4 h5 17. a5 Na8 18. a6 b6 19. Ne4 Ng4 20. h3 Ne5 21. dxe5 Qxd3 22. Nd6+ Rxd6 23. exd6 Qxe2 24. Rxe2 Bxd6 25. c4 Rd8 26. Bc3 g6 27. Bf6 Rd7 28. g4 hxg4 29. hxg4 Nc7 30. Kg2 Bb4 31. Re3 Ne8 32. Be5 f6 33. Bg3 e5 34. g5 Bd2 35. Re2 Bxg5 36. f4 Bh6 37. fxe5 f5 38. e6 Rd4 39. Rh1 Bg7 40. Be5 Re4 41. Rxe4 fxe4 42. Bxg7 Nxg7 43. Rh8+ 1-0

[Event "Sibiria Region-ch"]
[Site "Prokopevsk"]
[Date "2012.03.15"]
[Round "4"]
[White "Sitnikov, Dmitrij"]
[Black "Kozlitin, Roman"]
[Result "1/2-1/2"]
[WhiteElo "2500"]
[BlackElo "2369"]
[PlyCount "64"]
[EventDate "2012.03.12"]
[EventType "swiss"]
[EventRounds "9"]
[EventCountry "RUS"]
[SourceTitle "EXT 2013"]
[Source "ChessBase"]
[SourceDate "2012.11.22"]
[SourceVersion "1"]
[SourceVersionDate "2012.11.22"]
[SourceQuality "1"]

1. e4 e5 2. Nf3 Nf6 3. d4 Nxe4 4. Bd3 d5 5. dxe5 Nc5 6. 0-0 Be7 7. Nc3 c6 8. Nd4 0-0 9. Re1 Nxd3 10. Qxd3 Na6 11. a3 Nc5 12. Qg3 Bh4 13. Qf3 f5 14. g3 Be7 15. Nce2 Ne4 16. Nf4 Bc5 17. Nde6 Bxe6 18. Nxe6 Qe7 19. Nxc5 Qxc5 20. Qe2 Rae8 21. Kg2 Rxe5 22. f3 Rfe8 23. Bf4 Nxg3 24. Qxe5 Rxe5 25. Bxe5 Nh5 26. Re2 Qe7 27. Rae1 h6 28. Bb8 Qg5+ 29. Kh1 Qh4 30. Kg2 Qg5+ 31. Kh1 Qh4 32. Kg2 Qg5+ 1/2-1/2

[Event "Sibiria Region-ch"]
[Site "Prokopevsk"]
[Date "2012.03.13"]
[Round "2"]
[White "Shoev, Kirill"]
[Black "Sitnikov, Dmitrij"]
[Result "0-1"]
[WhiteElo "2258"]
[BlackElo "2500"]
[PlyCount "86"]
[EventDate "2012.03.12"]
[EventType "swiss"]
[EventRounds "9"]
[EventCountry "RUS"]
[SourceTitle "EXT 2013"]
[Source "ChessBase"]
[SourceDate "2012.11.22"]
[SourceVersion "1"]
[SourceVersionDate "2012.11.22"]
[SourceQuality "1"]

1. d4 Nf6 2. c4 c6 3. Nc3 d5 4. e3 g6 5. Nf3 Bg7 6. Bd2 0-0 7. Rc1 Ne4 8. Qb3 Nxd2 9. Nxd2 dxc4 10. Bxc4 Nd7 11. Nde4 Nb6 12. Bxf7+ Rxf7 13. Ng5 Qe8 14. a4 h6 15. Nxf7 Qxf7 16. Qxf7+ Kxf7 17. a5 Nc4 18. a6 b6 19. b3 Nd6 20. Na2 c5 21. dxc5 bxc5 22. Rxc5 Bxa6 23. Nb4 Bb5 24. Nd5 a5 25. Nc7 Rb8 26. Nxb5 Nxb5 27. h4 Bc3+ 28. Ke2 Bb4 29. Rc6 Nc3+ 30. Kf3 Kg7 31. e4 Rd8 32. h5 Rd3+ 33. Kf4 Ne2+ 34. Kg4 g5 35. Rg6+ Kh7 36. g3 Nc3 37. Re6 Nd1 38. Rf1 Bc5 39. Re5 Nxf2+ 40. Kf5 Rf3+ 41. Ke6 Rf6+ 42. Kd5 Bb4 43. Rf5 e6+ 0-1

[Event "Sibiria Region-ch"]
[Site "Prokopevsk"]
[Date "2012.03.12"]
[Round "1"]
[White "Sitnikov, Dmitrij"]
[Black "Kravshenko, Konstantin"]
[Result "1-0"]
[WhiteElo "2500"]
[BlackElo "2199"]
[PlyCount "59"]
[EventDate "2012.03.12"]
[EventType "swiss"]
[EventRounds "9"]
[EventCountry "RUS"]
[SourceTitle "EXT 2013"]
[Source "ChessBase"]
[SourceDate "2012.11.22"]
[SourceVersion "1"]
[SourceVersionDate "2012.11.22"]
[SourceQuality "1"]

1. e4 c5 2. Nf3 d6 3. d4 cxd4 4. Nxd4 Nf6 5. Nc3 a6 6. Be2 e6 7. 0-0 Qc7 8. a4 b6 9. f4 Bb7 10. Bf3 Nbd7 11. Kh1 Be7 12. Qe2 0-0 13. e5 Ne8 14. Bxb7 Qxb7 15. Bd2 dxe5 16. fxe5 Bb4 17. Rae1 Bxc3 18. Bxc3 Nc7 19. Qh5 f5 20. exf6 Nxf6 21. Qe5 Ne4 22. Nf5 Rf6 23. Nh6+ Kh8 24. Rxf6 Nxf6 25. Qxf6 Nd5 26. Qxe6 Rf8 27. Nf7+ Kg8 28. Nd6+ Qf7 29. Nxf7 Rxf7 30. Qxd5 1-0

[Event "Kuzbass-ch"]
[Site "Kemerovo"]
[Date "2011.08.23"]
[Round "4"]
[White "Iskusnyh, Sergei"]
[Black "Sitnikov, Dmitrij"]
[Result "1/2-1/2"]
[WhiteElo "2455"]
[BlackElo "2480"]
[PlyCount "49"]
[EventDate "2011.08.20"]
[EventType "swiss"]
[EventRounds "7"]
[EventCountry "RUS"]
[SourceTitle "CBM 144 Extra"]
[Source "ChessBase"]
[SourceDate "2011.10.28"]
[SourceVersion "1"]
[SourceVersionDate "2011.10.28"]
[SourceQuality "1"]

1. d4 d5 2. c4 c6 3. Nf3 Nf6 4. e3 g6 5. Nc3 Bg7 6. Be2 0-0 7. 0-0 Bg4 8. h3 Bxf3 9. Bxf3 e6 10. b3 Re8 11. Bb2 Nbd7 12. Qc2 Rc8 13. Rfd1 b5 14. e4 dxe4 15. Nxe4 Nxe4 16. Qxe4 bxc4 17. bxc4 c5 18. dxc5 Bxb2 19. c6 Nc5 20. Rxd8 Nxe4 21. Rxe8+ Rxe8 22. Rb1 Nd2 23. Rxb2 Nxf3+ 24. gxf3 Rc8 25. Rb7 1/2-1/2

[Event "Kuzbass-ch"]
[Site "Kemerovo"]
[Date "2011.08.20"]
[Round "1"]
[White "Chigaev, Maksim"]
[Black "Sitnikov, Dmitrij"]
[Result "1/2-1/2"]
[WhiteElo "2309"]
[BlackElo "2480"]
[PlyCount "50"]
[EventDate "2011.08.20"]
[EventType "swiss"]
[EventRounds "7"]
[EventCountry "RUS"]
[SourceTitle "CBM 144 Extra"]
[Source "ChessBase"]
[SourceDate "2011.10.28"]
[SourceVersion "1"]
[SourceVersionDate "2011.10.28"]
[SourceQuality "1"]

1. e4 c5 2. c3 d6 3. d4 Nf6 4. Bd3 Nc6 5. Ne2 g6 6. 0-0 Bg7 7. f3 0-0 8. Be3 b6 9. Qd2 Bb7 10. Na3 Rc8 11. Nc2 Rc7 12. Bh6 e5 13. Bxg7 Kxg7 14. d5 Ne7 15. Ng3 Bc8 16. a4 a6 17. Ne3 Neg8 18. Qe2 Ra7 19. Nc4 Qc7 20. Qe3 Bd7 21. b4 a5 22. b5 Bc8 23. Be2 Nd7 24. Bd3 f6 25. Ne2 Nh6 1/2-1/2

[Event "RUS-ch Higher League 64th"]
[Site "Taganrog"]
[Date "2011.06.26"]
[Round "11"]
[White "Mikhailov, Sergey"]
[Black "Sitnikov, Dmitrij"]
[Result "1/2-1/2"]
[WhiteElo "2399"]
[BlackElo "2463"]
[PlyCount "28"]
[EventDate "2011.06.15"]
[EventType "swiss"]
[EventRounds "11"]
[EventCountry "RUS"]
[SourceTitle "CBM 143"]
[Source "ChessBase"]
[SourceDate "2011.07.15"]
[SourceVersion "1"]
[SourceVersionDate "2011.07.15"]
[SourceQuality "1"]

1. e4 e5 2. Nf3 Nc6 3. Bb5 a6 4. Ba4 Nf6 5. 0-0 Be7 6. c3 0-0 7. Re1 b5 8. Bb3 d6 9. h3 Bb7 10. d3 Re8 11. Ng5 Rf8 12. Nf3 Re8 13. Ng5 Rf8 14. Nf3 Re8 1/2-1/2